[Event "RSA-chT U16"]
[Site "Cape Town"]
[Date "2016.01.07"]
[Round "7.3"]
[White "Mathew, Deepak"]
[Black "Chibase, Nkosana"]
[Result "1/2-1/2"]
[WhiteElo "1143"]
[BlackElo "1239"]
[PlyCount "103"]
[EventDate "2016.01.04"]
[EventType "team-tourn"]
[EventRounds "7"]
[EventCountry "RSA"]
[SourceTitle "CBM 170 Extra"]
[Source "ChessBase"]
[SourceDate "2016.02.25"]
[SourceVersion "1"]
[SourceVersionDate "2016.02.25"]
[SourceQuality "1"]
[WhiteTeam "Kenneth Kaunda"]
[BlackTeam "Sedibeng"]
[WhiteTeamCountry "RSA"]
[BlackTeamCountry "RSA"]

1. d4 e6 2. c4 Nf6 3. Nc3 Nc6 4. Nf3 g6 5. e3 Ne7 6. Be2 c6 7. 0-0 Bg7 8. Bd2 0-0 9. Qc2 d5 10. Rfe1 Qc7 11. Ne5 Bd7 12. c5 Ne8 13. Nf3 Nf6 14. g3 Nf5 15. e4 dxe4 16. Nxe4 Nd5 17. Nc3 Nxd4 18. Nxd4 Bxd4 19. Nxd5 exd5 20. Bh6 Rfe8 21. Rad1 Bf5 22. Qc1 Bf6 23. Bf4 Qd7 24. Bf1 Rxe1 25. Rxe1 Be6 26. Bg2 Re8 27. Be5 Bxe5 28. Rxe5 Qc7 29. Re1 b6 30. cxb6 Qxb6 31. b3 Rc8 32. Qh6 Qa5 33. Re2 Qd8 34. Qd2 c5 35. Re1 c4 36. bxc4 dxc4 37. Qc1 Qa5 38. Re2 c3 39. Be4 Bxa2 40. Bc2 Qb4 41. h3 a5 42. Qe1 Kf8 43. Qa1 Qb2 44. Qd1 Qb4 45. Qa1 Bb3 46. Bd3 Kg8 47. Qe1 Kf8 48. Qc1 a4 49. Ba6 Rd8 50. Bd3 a3 51. Re1 a2 52. Be4 1/2-1/2